| 000 | 00760nam a2200241Ia 4500 | ||
|---|---|---|---|
| 003 | OSt | ||
| 005 | 20230711110607.0 | ||
| 008 | 210716s1992 xx 000 0 und d | ||
| 020 | _a0534925529 | ||
| 040 | _cAIMIT LIBRARY | ||
| 041 | _aeng | ||
| 082 |
_a658.8342 _24 _bASSH |
||
| 100 |
_aAssael, Henry. _9126392 |
||
| 245 |
_aConsumer behavior and marketing action / _cBy Henry Assael |
||
| 250 | _a4th ed. | ||
| 260 |
_aNew York : _bPWS Publishing company, _c1992. |
||
| 300 |
_axx, 748p. ; _bHB : _c24 cm. |
||
| 650 |
_aConsumer Decision Making _9126393 |
||
| 650 |
_aThe Individual Consumer _9126394 |
||
| 650 |
_aEnvironmental Influences on Consumer Behavior _9126395 |
||
| 650 |
_aMarketing Action _9126396 |
||
| 942 |
_2ddc _cBK _e4th ed. _k658.8342 ASSH |
||
| 999 |
_c200784 _d200784 |
||